• 首页
  • 本馆介绍
  • 公告通知
  • 最新文献
  • 馆藏检索
  • 电子资源
  • 读者导购
  • 参考咨询
  • 我的图书馆
  • 登录
  • 详细信息显示
  • 放入我的书架
  • 预约/预借图书
  • 作者相关作品
  • 分类相关作品
  • 丛书相关作品
  • 出版社相关作品

书目信息

  • 表格格式
  • 工作单格式
  • 卡片格式
题名:
河北动物志
    
 
作者: 王所安
分册:  
出版信息: 石家庄   河北科学技术出版社  2001
页数: 366
开本: 26cm
丛书名:
单 册:
中图分类: Q959.4
科图分类:
主题词: 动物学:分类学
电子资源:
ISBN: 7-5375-2308-8
000 00553nam0 2200193 450
001 0741144344
005 20070817112544.34
010    @a7-5375-2308-8@b精装@d¥50.00
100    @a20070817d km y0chiy0120 ea
101 0  @achi
200 1  @a河北动物志@Ahe bei dong wu zhi@e鱼类@f王所安等@Fwang suo an deng
210    @a石家庄@c河北科学技术出版社@d2001
215    @a366@c插图@d26cm
517 1  @a鱼类@Ayu lei
606 0  @a动物学:分类学
690    @aQ959.4@v3
701  0 @a王所安@Awang suo an
801  0 @aCN@bPFT@c20070817
905    @a213230@dQ959.4@en3@f1
    
    河北动物志:鱼类/王所安等.-石家庄:河北科学技术出版社,2001
    366:插图;26cm
    
    
    ISBN 7-5375-2308-8(精装):¥50.00
    
●
相关链接 在E读中查询图书 在五车中查询图书 在当当中查询图书 在豆瓣中查询图书


正题名:河北动物志     索取号:Q959.4/n3         预约/预借

序号 登录号 条形码 馆藏地/架位号 状态 备注
1 6600462   266004628   生命科学系资料室/ [索取号:Q959.4/n3] 在馆    
唐山师范学院图书馆 欢迎您!
大连网信软件有限公司© 版权所有